000
00212nam a22001097a 4500
999
_c
64930
_d
64927
082
_a
297.49.22
100
_a
نقوش
245
_a
رسول نمبر ۶
260
_a
لاہور
300
_a
۷۹۶
942
_c
BK